[Event "ODJM A 2017"]
[Site "Willingen GER"]
[Date "2017.06.04"]
[Round "2"]
[White "Gutschenreiter, Donato"]
[Black "Herbrig, Marie-Helén"]
[Result "0-1"]
[Termination "normal"]
[Board "48"]
[WhiteElo "1701"]
[BlackElo "1884"]
[PlyCount "86"]
[WhiteFideId "12975540"]
[BlackFideId "12900427"]
[EventCountry "GER"]
[EventRounds "9"]
[EventType "swiss"]
[EventDate "2017.06.03"]

1. e4 c5 2. Nf3 Nc6 3. d4 cxd4 4. Nxd4 Nf6 5. Nc3 d6 6. Bg5 e6 7. Qd2 h6 8.
Bxf6 gxf6 9. O-O-O a6 10. f4 Bg7 11. Be2 Bd7 12. g4 Qa5 13. Nb3 Qc7 14. h4
O-O-O 15. f5 Ne5 16. Qe3 Kb8 17. Rd4 Rdg8 18. Rg1 Bf8 19. a4 Nc6 20. Rdd1 Na5
21. Nd2 d5 22. Qd3 Bc5 23. Rg2 d4 24. Nf3 dxc3 25. Qxd7 cxb2+ 26. Kb1 Qf4 27.
Qxf7 Ba3 28. Rgg1 Qxe4 29. Qxe6 Qxa4 30. Rd4 Bb4 31. Qa2 Qxa2+ 32. Kxa2 Bc5 33.
Rd5 Bxg1 34. Nxg1 Nc6 35. Rd6 h5 36. Kxb2 hxg4 37. Rxf6 Rxh4 38. Bxa6 bxa6 39.
Rxc6 Kb7 40. Rc4 Rh2 41. Rf4 Rg2 42. Rf1 Rc8 43. Rc1 Rc5 0-1

[Event "ODJM A 2017"]
[Site "Willingen GER"]
[Date "2017.06.04"]
[Round "2"]
[White "Schilay, Lorenz"]
[Black "Gallasch, Robin"]
[Result "1/2-1/2"]
[Termination "normal"]
[Board "49"]
[WhiteElo "1875"]
[BlackElo "1562"]
[PlyCount "130"]
[WhiteFideId "12930180"]
[BlackFideId "16222423"]
[EventCountry "GER"]
[EventRounds "9"]
[EventType "swiss"]
[EventDate "2017.06.03"]

1. e4 c6 2. Nf3 d5 3. exd5 cxd5 4. Ne5 Nf6 5. d4 Nc6 6. Bb5 Bd7 7. Nxd7 Qxd7 8.
c3 e6 9. O-O Bd6 10. Nd2 a6 11. Bd3 Qc7 12. Nf3 h6 13. Qe2 O-O 14. Bd2 b5 15.
h3 e5 16. dxe5 Nxe5 17. Nxe5 Bxe5 18. a4 Rfe8 19. Be3 b4 20. Rac1 bxc3 21. bxc3
Qa5 22. Qc2 Rac8 23. c4 d4 24. Bd2 Qc5 25. Rb1 Rb8 26. Rxb8 Rxb8 27. Rb1 Qc7
28. Rxb8+ Qxb8 29. c5 Nd5 30. Bc4 Nc3 31. Qf5 Qb1+ 32. Qxb1 Nxb1 33. Bb4 Nc3
34. a5 Bc7 35. Kf1 Kf8 36. Bxa6 Nd5 37. Ba3 Bxa5 38. Ke2 Nb4 39. Bb5 d3+ 40.
Bxd3 Nxd3 41. Kxd3 h5 42. Kc4 Ke8 43. Bb4 Bc7 44. Kd5 Kd7 45. c6+ Kc8 46. Bd6
Bb6 47. Bc5 Bc7 48. f3 g6 49. Bd6 Ba5 50. Be5 Kd8 51. Kc5 Kc8 52. Kb5 Be1 53.
c7 Bd2 54. Kc6 Be1 55. g3 Ba5 56. g4 hxg4 57. fxg4 Be1 58. Bf6 Bg3 59. Bd8 f5
60. Kd5 Bxc7 61. Bxc7 Kxc7 62. Ke5 Kd7 63. gxf5 gxf5 64. Kxf5 Ke7 65. Kg6 Kf8
1/2-1/2

[Event "ODJM A 2017"]
[Site "Willingen GER"]
[Date "2017.06.04"]
[Round "2"]
[White "Teschler, Ansgar"]
[Black "Helmer, Jan"]
[Result "0-1"]
[Termination "normal"]
[Board "50"]
[WhiteElo "1791"]
[BlackElo "1849"]
[PlyCount "54"]
[WhiteFideId "16231139"]
[BlackFideId "12956686"]
[EventCountry "GER"]
[EventRounds "9"]
[EventType "swiss"]
[EventDate "2017.06.03"]

1. d4 e6 2. c4 f5 3. Nc3 Bb4 4. g3 Nf6 5. Bg2 O-O 6. Nf3 d6 7. O-O Bxc3 8. bxc3
Nbd7 9. Bg5 Qe8 10. Qc2 h6 11. Bxf6 Nxf6 12. Nd2 e5 13. e4 f4 14. Rad1 Qh5 15.
c5 Be6 16. cxd6 cxd6 17. Nf3 fxg3 18. fxg3 Ng4 19. Rde1 Bc4 20. h3 Bxf1 21.
hxg4 Qxg4 22. Rxf1 Qxg3 23. Qf2 Qxf2+ 24. Rxf2 Rac8 25. dxe5 dxe5 26. Nxe5 Rxf2
27. Kxf2 Rxc3 0-1

[Event "ODJM A 2017"]
[Site "Willingen GER"]
[Date "2017.06.04"]
[Round "2"]
[White "Wieber, Dominik"]
[Black "Cejda, Moritz"]
[Result "0-1"]
[Termination "normal"]
[Board "51"]
[WhiteElo "1818"]
[BlackElo "1684"]
[PlyCount "92"]
[WhiteFideId "24699012"]
[BlackFideId "12925152"]
[EventCountry "GER"]
[EventRounds "9"]
[EventType "swiss"]
[EventDate "2017.06.03"]

1. e4 e6 2. d4 d5 3. exd5 exd5 4. Bd3 Bd6 5. Ne2 Nf6 6. Bf4 O-O 7. O-O Re8 8.
Bg3 Ne4 9. Nd2 Bf5 10. Bxe4 dxe4 11. Bxd6 Qxd6 12. Ng3 Bg6 13. Nc4 Qf6 14. Re1
Nc6 15. c3 Rad8 16. Re3 Qe6 17. Qb3 f5 18. Ne2 Bf7 19. Nd2 Qxb3 20. axb3 a6 21.
g3 Ne5 22. c4 Nd3 23. Rb1 Nb4 24. Nf1 Nc2 25. Rc3 Nxd4 26. Nxd4 Rxd4 27. Ne3 g6
28. Nd5 Bxd5 29. cxd5 Re7 30. Rbc1 Rxd5 31. Rxc7 Rdd7 32. Rc8+ Kf7 33. Rh8 Kf6
34. Kg2 Rc7 35. Rc8 Rxc1 36. Rxc1 Rd7 37. Rc3 Ke6 38. Kf1 Rd3 39. Ke2 Rxc3 40.
bxc3 Ke5 41. Ke3 g5 42. h3 f4+ 43. Ke2 h5 44. Kd2 Kd5 45. Kc2 e3 46. fxe3 fxg3
0-1

[Event "ODJM A 2017"]
[Site "Willingen GER"]
[Date "2017.06.04"]
[Round "2"]
[White "Klugstedt, Vincent"]
[Black "Udaykumar, Arunn Mark"]
[Result "0-1"]
[Termination "normal"]
[Board "52"]
[WhiteElo "1636"]
[BlackElo "1793"]
[PlyCount "96"]
[WhiteFideId "16216393"]
[BlackFideId "12965456"]
[EventCountry "GER"]
[EventRounds "9"]
[EventType "swiss"]
[EventDate "2017.06.03"]

1. d4 g6 2. e4 Bg7 3. c4 d6 4. Nc3 Nf6 5. Be3 O-O 6. Nf3 Ng4 7. Qd2 Nxe3 8.
Qxe3 e5 9. d5 f5 10. Be2 Na6 11. O-O Nc5 12. Rac1 b6 13. b4 Nxe4 14. Nxe4 fxe4
15. Qxe4 Bf5 16. Qe3 Bf6 17. Rcd1 Qe7 18. Rfe1 e4 19. Nd4 Bg5 20. Nxf5 Rxf5 21.
Qb3 Raf8 22. Rf1 e3 23. fxe3 Bxe3+ 24. Kh1 Bf4 25. Bg4 Qh4 26. Qh3 Qxh3 27.
Bxh3 R5f6 28. Rfe1 Be5 29. Kg1 Rf2 30. a3 Ra2 31. Rd3 Rc2 32. Rf1 Bxh2+ 33.
Kxh2 Rxf1 34. Re3 Rxc4 35. Re8+ Kg7 36. Ra8 a5 37. bxa5 bxa5 38. Rxa5 Ra1 39.
Ra7 Kf6 40. Bd7 Ke5 41. Bc6 h5 42. a4 Rc2 43. Rxc7 Raa2 44. Re7+ Kd4 45. Re6
Rxg2+ 46. Kh3 g5 47. Rxd6 Rge2 48. Re6 Ra3+ 0-1

[Event "ODJM A 2017"]
[Site "Willingen GER"]
[Date "2017.06.04"]
[Round "2"]
[White "Hoppe, Nico"]
[Black "Diegel, Jonas"]
[Result "1/2-1/2"]
[Termination "normal"]
[Board "53"]
[WhiteElo "1583"]
[BlackElo "1554"]
[PlyCount "63"]
[WhiteFideId "16225520"]
[BlackFideId "16206061"]
[EventCountry "GER"]
[EventRounds "9"]
[EventType "swiss"]
[EventDate "2017.06.03"]

1. e4 e6 2. b3 d5 3. Bb2 Nf6 4. e5 Nfd7 5. f4 c5 6. Nf3 Be7 7. d4 Nc6 8. Bd3
Qb6 9. dxc5 Bxc5 10. Qe2 Nd4 11. Nxd4 Bxd4 12. Nc3 Nc5 13. Rf1 Qa5 14. Qd2 Bd7
15. Nd1 Nxd3+ 16. cxd3 Qxd2+ 17. Kxd2 Bc5 18. Rc1 Rc8 19. d4 Bb4+ 20. Bc3 Be7
21. Nf2 Ba3 22. Rc2 Ke7 23. Nd3 Bb5 24. Rf3 Rc7 25. Bb4+ Bxb4+ 26. Nxb4 Rhc8
27. Rxc7+ Rxc7 28. Rc3 Kd7 29. Nd3 Rxc3 30. Kxc3 a5 31. a4 Bxd3 32. Kxd3
1/2-1/2

[Event "ODJM A 2017"]
[Site "Willingen GER"]
[Date "2017.06.04"]
[Round "2"]
[White "Behringer, Tom"]
[Black "Isler, Benjamin"]
[Result "0-1"]
[Termination "normal"]
[Board "54"]
[WhiteElo "1840"]
[BlackElo "1740"]
[PlyCount "84"]
[WhiteFideId "16203496"]
[BlackFideId "12975478"]
[EventCountry "GER"]
[EventRounds "9"]
[EventType "swiss"]
[EventDate "2017.06.03"]

1. d4 c5 2. d5 Nf6 3. c4 b5 4. cxb5 a6 5. bxa6 Bxa6 6. Nc3 g6 7. e4 d6 8. Bxa6
Rxa6 9. Nf3 Nbd7 10. O-O Bg7 11. Qe2 Qc8 12. Bf4 O-O 13. a4 c4 14. Nd2 Nb6 15.
a5 Qa8 16. Nxc4 Nxc4 17. Qxc4 Rxa5 18. Rxa5 Qxa5 19. b4 Qa8 20. Rb1 Rc8 21. Qb3
Nd7 22. Ne2 Rb8 23. Be3 Rb5 24. Nd4 Bxd4 25. Bxd4 Qb7 26. f4 Nb8 27. Qc4 f6 28.
g4 h6 29. Kf2 Kf7 30. h4 Na6 31. Bc3 Qb6+ 32. Kf3 Qb8 33. g5 h5 34. gxf6 exf6
35. Qd4 Qd8 36. Ra1 Nb8 37. Ra7+ Ke8 38. Rh7 Nd7 39. Rh8+ Nf8 40. Qa7 Qc8 41.
Bd2 Qg4+ 42. Ke3 Qg1+ 0-1

[Event "ODJM A 2017"]
[Site "Willingen GER"]
[Date "2017.06.04"]
[Round "2"]
[White "Weinkauf, Viktor"]
[Black "May, Ben-Iven"]
[Result "1-0"]
[Termination "normal"]
[Board "55"]
[WhiteElo "1732"]
[BlackElo "1861"]
[PlyCount "79"]
[WhiteFideId "1272036"]
[BlackFideId "16229673"]
[EventCountry "GER"]
[EventRounds "9"]
[EventType "swiss"]
[EventDate "2017.06.03"]

1. d4 d5 2. Nf3 Nf6 3. c4 e6 4. g3 Be7 5. Bg2 O-O 6. O-O b6 7. cxd5 exd5 8. Bf4
Nbd7 9. Ne5 Bb7 10. Nc3 Rb8 11. Rc1 Nxe5 12. dxe5 Nh5 13. Be3 f6 14. Bxd5+ Bxd5
15. Qxd5+ Kh8 16. Qxd8 Rbxd8 17. g4 fxe5 18. gxh5 Rf5 19. Rfd1 h6 20. Nd5 Bd6
21. Rd3 e4 22. Rdd1 Rxh5 23. Bf4 Bc5 24. Nxc7 Rf8 25. e3 Be7 26. Rd7 Bf6 27.
Ne6 Re8 28. Nd4 g5 29. Bg3 g4 30. Rcc7 Rg5 31. Bh4 Rg6 32. Bxf6+ Rxf6 33. Rh7+
Kg8 34. Rcg7+ Kf8 35. Rxa7 Rg6 36. Rh8+ Rg8 37. Ne6+ Rxe6 38. Ra8+ Re8 39.
Rxe8+ Kxe8 40. Rxg8+ 1-0

[Event "ODJM A 2017"]
[Site "Willingen GER"]
[Date "2017.06.04"]
[Round "2"]
[White "Petri, Ben-Luca"]
[Black "Ebeling, Leander"]
[Result "1-0"]
[Termination "normal"]
[Board "56"]
[WhiteElo "1709"]
[BlackElo "1630"]
[PlyCount "77"]
[WhiteFideId "12947261"]
[BlackFideId "16223179"]
[EventCountry "GER"]
[EventRounds "9"]
[EventType "swiss"]
[EventDate "2017.06.03"]

1. e4 c6 2. d4 d5 3. Nc3 dxe4 4. Nxe4 Bf5 5. Ng3 Bg6 6. Nf3 Nd7 7. Bd3 Bxd3 8.
Qxd3 e6 9. O-O Ngf6 10. Re1 Be7 11. c4 O-O 12. Bf4 Qb6 13. b3 Rad8 14. c5 Qa6
15. Qxa6 bxa6 16. Nf5 exf5 17. Rxe7 Nd5 18. Bd6 Nxe7 19. Bxe7 Nf6 20. Bxd8 Rxd8
21. Rd1 Ne4 22. Ne5 Nxc5 23. Nxc6 Rd7 24. Nxa7 Nxb3 25. axb3 Rxa7 26. Kf1 f6
27. Ke2 a5 28. Ra1 Kf7 29. Kd3 Ke6 30. b4 a4 31. b5 Kd5 32. Kc3 a3 33. Kb4 Kxd4
34. b6 Re7 35. Rxa3 Re2 36. b7 Rxf2 37. b8=Q Rb2+ 38. Rb3 Rxg2 39. Qd6+ 1-0

[Event "ODJM A 2017"]
[Site "Willingen GER"]
[Date "2017.06.04"]
[Round "2"]
[White "Adelmeyer, Matti"]
[Black "Buhr, Patrick"]
[Result "0-1"]
[Termination "normal"]
[Board "58"]
[WhiteElo "1677"]
[BlackElo "1780"]
[PlyCount "90"]
[WhiteFideId "12962520"]
[BlackFideId "16206436"]
[EventCountry "GER"]
[EventRounds "9"]
[EventType "swiss"]
[EventDate "2017.06.03"]

1. e4 Nf6 2. e5 Nd5 3. c4 Nb6 4. d4 d6 5. exd6 exd6 6. Nf3 Bg4 7. b3 Be7 8. Be2
Nc6 9. O-O O-O 10. Bb2 Bf6 11. Nbd2 Re8 12. Re1 d5 13. c5 Nd7 14. a3 Nxc5 15.
dxc5 Bxb2 16. Ra2 Bf6 17. h3 Bh5 18. b4 a6 19. Nb3 Qd7 20. Qc1 Rad8 21. Rd1 d4
22. Qc4 Bxf3 23. Bxf3 Ne5 24. Qe2 d3 25. Qe4 Nxf3+ 26. Qxf3 Re2 27. Rad2 Rxd2
28. Rxd2 Bg5 29. Rd1 d2 30. Qg3 Qf5 31. Qc3 Qd3 32. Qxd3 Rxd3 33. Na5 b6 34.
cxb6 cxb6 35. Nc4 b5 36. Ne5 Rxa3 37. Nf3 Bh6 38. Kf1 Rb3 39. Nxd2 Rxb4 40. Nf3
g6 41. Ne5 Re4 42. Ng4 Kg7 43. Rd6 Re6 44. Rd7 b4 45. Rb7 Bd2 0-1

[Event "ODJM A 2017"]
[Site "Willingen GER"]
[Date "2017.06.04"]
[Round "2"]
[White "Grunert, Friedrich"]
[Black "Grozea, Filip"]
[Result "1-0"]
[Termination "normal"]
[Board "59"]
[WhiteElo "1805"]
[BlackElo "1582"]
[PlyCount "85"]
[WhiteFideId "12995592"]
[BlackFideId "12958450"]
[EventCountry "GER"]
[EventRounds "9"]
[EventType "swiss"]
[EventDate "2017.06.03"]

1. e4 c6 2. d4 d5 3. exd5 cxd5 4. c4 Nf6 5. Nc3 e6 6. Nf3 Be7 7. cxd5 Nxd5 8.
Bd3 O-O 9. O-O Nb6 10. Bc2 N6d7 11. Qd3 Nf6 12. Bg5 g6 13. Ne5 Nd5 14. Bxe7
Qxe7 15. a3 Bd7 16. Ne4 a6 17. Qg3 Bb5 18. Rfe1 Nc6 19. a4 Nxe5 20. dxe5 Bc6
21. Bb3 Qb4 22. Bxd5 Bxd5 23. Nf6+ Kg7 24. Qg5 h6 25. Qg3 b5 26. Nxd5 exd5 27.
e6 Rfe8 28. Qe5+ Kh7 29. Qf6 Ra7 30. h4 fxe6 31. axb5 Rf8 32. Qxe6 Qxh4 33. Qb6
Raf7 34. Rxa6 Qxf2+ 35. Qxf2 Rxf2 36. Re7+ Kh8 37. Rxg6 Rxb2 38. Rxh6+ Kg8 39.
Rg6+ Kh8 40. Re5 Kh7 41. Rg3 Rb1+ 42. Kh2 Rf6 43. Rxd5 1-0

[Event "ODJM A 2017"]
[Site "Willingen GER"]
[Date "2017.06.04"]
[Round "2"]
[White "Leimbach, Tim Vincent"]
[Black "Troyke, Jannis"]
[Result "1/2-1/2"]
[Termination "normal"]
[Board "61"]
[WhiteElo "1640"]
[BlackElo "1896"]
[PlyCount "75"]
[WhiteFideId "12988600"]
[BlackFideId "12993115"]
[EventCountry "GER"]
[EventRounds "9"]
[EventType "swiss"]
[EventDate "2017.06.03"]

1. e4 c5 2. d4 cxd4 3. c3 Nf6 4. e5 Nd5 5. cxd4 d6 6. Nf3 Nc6 7. Bb5 Qa5+ 8.
Nc3 Nxc3 9. Bxc6+ bxc6 10. bxc3 Qxc3+ 11. Bd2 Qc4 12. Rc1 Qa6 13. Qc2 Bd7 14.
exd6 exd6 15. Qe4+ Be7 16. Qe2 Qxe2+ 17. Kxe2 Rb8 18. Rb1 O-O 19. Rhc1 Rfe8 20.
Kf1 Rb6 21. Re1 h6 22. Ba5 Ra6 23. Rb7 Be6 24. d5 cxd5 25. Nd4 Bf8 26. Nb3 d4
27. Kg1 Rc8 28. Bb4 d3 29. Nc1 Rc2 30. Nxd3 Raxa2 31. Rb8 Rc8 32. Rxc8 Bxc8 33.
Re8 Be6 34. f3 Ra6 35. Nc5 Rb6 36. Ba3 a6 37. Ne4 Rc6 38. Nxd6 1/2-1/2

[Event "ODJM A 2017"]
[Site "Willingen GER"]
[Date "2017.06.04"]
[Round "2"]
[White "Rohde, Niclas"]
[Black "Askri, Samir"]
[Result "1-0"]
[Termination "normal"]
[Board "62"]
[WhiteElo "1587"]
[BlackElo "1796"]
[PlyCount "77"]
[WhiteFideId "16230205"]
[BlackFideId "12924938"]
[EventCountry "GER"]
[EventRounds "9"]
[EventType "swiss"]
[EventDate "2017.06.03"]

1. Nf3 Nf6 2. g3 g6 3. Bg2 Bg7 4. O-O O-O 5. d3 d6 6. Nbd2 c6 7. Rb1 Nbd7 8. b3
Qc7 9. Bb2 e5 10. c4 Nc5 11. b4 Ncd7 12. Ng5 h6 13. Nge4 Nxe4 14. Nxe4 f5 15.
Nd2 Nf6 16. Qb3 Be6 17. Qc3 f4 18. Ne4 Nxe4 19. Bxe4 Qf7 20. a3 f3 21. Bxf3 Qf5
22. Bg2 Rf7 23. Qd2 Kh7 24. f4 Qh5 25. fxe5 Bxe5 26. Rxf7+ Bxf7 27. Rf1 Kg7 28.
d4 Bf6 29. Qf4 Qg5 30. Qxg5 hxg5 31. Rc1 c5 32. e3 Re8 33. Kf2 g4 34. b5 b6 35.
Bf1 Re4 36. Bd3 cxd4 37. exd4 Bxd4+ 38. Bxd4+ Rxd4 39. Ke3 1-0

[Event "ODJM A 2017"]
[Site "Willingen GER"]
[Date "2017.06.04"]
[Round "2"]
[White "Baumann, Marcel"]
[Black "Kolb, Tobias"]
[Result "1-0"]
[Termination "normal"]
[Board "63"]
[WhiteElo "1712"]
[BlackElo "1656"]
[PlyCount "101"]
[WhiteFideId "12974668"]
[BlackFideId "12992321"]
[EventCountry "GER"]
[EventRounds "9"]
[EventType "swiss"]
[EventDate "2017.06.03"]

1. d4 d5 2. c4 c6 3. Nc3 e6 4. Nf3 dxc4 5. a4 Bb4 6. e3 b5 7. Bd2 a6 8. b3 Bxc3
9. Bxc3 cxb3 10. axb5 Bb7 11. bxa6 Nxa6 12. Qxb3 Bc8 13. Bxa6 Rxa6 14. Rxa6
Bxa6 15. d5 Ne7 16. dxe6 fxe6 17. Nd4 Qd5 18. Qxd5 exd5 19. Kd2 Kf7 20. Rb1 c5
21. Nf3 Ra8 22. Ng5+ Kg6 23. Ne6 Bc4 24. Nxc5 Ra2+ 25. Rb2 Rxb2+ 26. Bxb2 Nf5
27. g3 h5 28. Nd7 Kg5 29. h4+ Kh6 30. Ne5 Bb5 31. Kc3 Nd6 32. Kd4 Ne4 33. Bc1
Kh7 34. Kxd5 Nxf2 35. e4 Ng4 36. Nxg4 hxg4 37. Ke6 Kg6 38. Bf4 Bc4+ 39. Ke7 Bd3
40. e5 Bf5 41. e6 Be4 42. Bg5 Kf5 43. Kd7 Bc6+ 44. Kxc6 Kxe6 45. Kc7 g6 46. Kd8
Kf7 47. Kd7 Kf8 48. Ke6 Kg7 49. Ke7 Kg8 50. Kf6 Kh7 51. Kf7 1-0

[Event "ODJM A 2017"]
[Site "Willingen GER"]
[Date "2017.06.04"]
[Round "2"]
[White "Fromm, Johannes"]
[Black "Loßin, Charlotte"]
[Result "1-0"]
[Termination "normal"]
[Board "64"]
[WhiteElo "1636"]
[BlackElo "1524"]
[PlyCount "117"]
[WhiteFideId "12993204"]
[BlackFideId "16218345"]
[EventCountry "GER"]
[EventRounds "9"]
[EventType "swiss"]
[EventDate "2017.06.03"]

1. Nf3 d5 2. c4 c6 3. g3 Nf6 4. Bg2 Bg4 5. O-O e6 6. d3 Bd6 7. Nbd2 Nbd7 8. a3
a5 9. Qc2 O-O 10. Rb1 c5 11. Re1 d4 12. b4 cxb4 13. Nxd4 Rb8 14. Nb5 Be7 15.
Nf3 e5 16. Bb2 Bxf3 17. Bxf3 Bc5 18. e3 Qb6 19. d4 exd4 20. exd4 Bd6 21. Nxd6
Qxd6 22. c5 Qa6 23. Bc1 bxa3 24. Bf4 b5 25. Bxb8 Rxb8 26. c6 Nb6 27. Re7 Rc8
28. Qb3 Rf8 29. Qxa3 Nc4 30. Qd3 a4 31. Rb7 a3 32. Qc2 Nb2 33. Ra1 Ne8 34. Qb3
Nc4 35. Qxb5 Qxb5 36. Rxb5 Ned6 37. Rc5 g6 38. Bd5 Nb6 39. Rxa3 Rc8 40. Ra6
Nxd5 41. Rxd5 Ne8 42. Re5 Nc7 43. Raa5 Ne6 44. d5 Nd8 45. Re8+ Kg7 46. Rxd8
Rxd8 47. c7 Rc8 48. d6 Kf6 49. f4 Ke6 50. Ra6 Kd7 51. Kf2 Re8 52. Rb6 h6 53.
Rb8 Rc8 54. Rxc8 Kxc8 55. Ke3 g5 56. Ke4 g4 57. Ke5 h5 58. Kf6 h4 59. gxh4 1-0

[Event "ODJM A 2017"]
[Site "Willingen GER"]
[Date "2017.06.04"]
[Round "2"]
[White "Arnold, Leander"]
[Black "von Pückler, Konstantin"]
[Result "1-0"]
[Termination "normal"]
[Board "65"]
[WhiteElo "1625"]
[BlackElo "1525"]
[PlyCount "49"]
[WhiteFideId "12990230"]
[BlackFideId "16205847"]
[EventCountry "GER"]
[EventRounds "9"]
[EventType "swiss"]
[EventDate "2017.06.03"]

1. d4 f5 2. Nf3 g6 3. e3 Nf6 4. Nbd2 Bg7 5. Bd3 O-O 6. O-O d6 7. c3 Qe8 8. e4
e5 9. Re1 f4 10. dxe5 dxe5 11. Bc4+ Kh8 12. b4 a5 13. b5 Ng4 14. h3 Nh6 15. a4
Qd8 16. Ba3 Re8 17. Nb3 Qf6 18. h4 Bg4 19. Nbd2 Nd7 20. Ba2 Rad8 21. Qc2 Nf7
22. Nh2 Be6 23. Bxe6 Rxe6 24. Ndf3 h6 25. Ng4 1-0

[Event "ODJM A 2017"]
[Site "Willingen GER"]
[Date "2017.06.04"]
[Round "2"]
[White "Ziegenfuß, Larissa"]
[Black "Leser, Stefan"]
[Result "1-0"]
[Termination "normal"]
[Board "66"]
[WhiteElo "1685"]
[BlackElo "1817"]
[PlyCount "69"]
[WhiteFideId "12974722"]
[BlackFideId "12997706"]
[EventCountry "GER"]
[EventRounds "9"]
[EventType "swiss"]
[EventDate "2017.06.03"]

1. e4 e6 2. d3 d5 3. Nd2 Nf6 4. g3 c5 5. Bg2 Be7 6. Ngf3 O-O 7. O-O Nc6 8. b3
b5 9. Bb2 a5 10. Qe2 Re8 11. a3 a4 12. Rac1 b4 13. axb4 Nxb4 14. c3 Nc6 15.
bxa4 Rxa4 16. Ra1 Qa5 17. Rxa4 Qxa4 18. Ra1 Qb5 19. Rb1 dxe4 20. Nxe4 Rd8 21.
c4 Qb6 22. Nfd2 Qc7 23. Nxf6+ Bxf6 24. Bxf6 gxf6 25. Qf3 Ne5 26. Qxf6 Rxd3 27.
Re1 Ng6 28. Nf3 Qe7 29. Qb2 Bb7 30. Ne5 Nxe5 31. Qxe5 Bxg2 32. Kxg2 Qb7+ 33.
Kg1 Qb4 34. Ra1 Rd8 35. Qg5+ 1-0

[Event "ODJM A 2017"]
[Site "Willingen GER"]
[Date "2017.06.04"]
[Round "2"]
[White "Riegel, Arinna"]
[Black "Graf, Maria"]
[Result "1-0"]
[Termination "normal"]
[Board "67"]
[WhiteElo "1852"]
[BlackElo "1546"]
[PlyCount "87"]
[WhiteFideId "12931446"]
[BlackFideId "12917702"]
[EventCountry "GER"]
[EventRounds "9"]
[EventType "swiss"]
[EventDate "2017.06.03"]

1. Nf3 Nf6 2. g3 d5 3. Bg2 c6 4. O-O Bf5 5. d4 e6 6. b3 Be7 7. Nbd2 h6 8. Bb2
O-O 9. c4 dxc4 10. Nxc4 Nbd7 11. Qc1 Rc8 12. Ba3 c5 13. dxc5 Bxc5 14. Bxc5 Nxc5
15. Rd1 Qe7 16. Nd6 Rc6 17. Nxf5 exf5 18. Qb2 b6 19. Nd4 Rc7 20. Nxf5 Qe6 21.
Ne3 Rfc8 22. Rac1 Nfe4 23. Bf3 Nd7 24. Rxc7 Rxc7 25. Bg4 Qf6 26. Qxf6 Ndxf6 27.
Nd5 Rc2 28. Nxf6+ gxf6 29. Rd8+ Kg7 30. Rd7 Kg6 31. Rxa7 Nc3 32. Rb7 b5 33. a4
bxa4 34. bxa4 Nxa4 35. Rb5 Rd2 36. Bh5+ Kg7 37. Rb7 Rd6 38. Rxf7+ Kg8 39. Rc7
Nb6 40. Bf3 Nd7 41. Rc8+ Kf7 42. Bh5+ Kg7 43. Rc7 Rd5 44. Bf3 1-0

[Event "ODJM A 2017"]
[Site "Willingen GER"]
[Date "2017.06.04"]
[Round "2"]
[White "Meyer, Nico"]
[Black "Wagner, Swenja"]
[Result "1/2-1/2"]
[Termination "normal"]
[Board "68"]
[WhiteElo "1552"]
[BlackElo "1779"]
[PlyCount "62"]
[WhiteFideId "12975257"]
[BlackFideId "12900494"]
[EventCountry "GER"]
[EventRounds "9"]
[EventType "swiss"]
[EventDate "2017.06.03"]

1. e4 e5 2. Nf3 Nc6 3. d4 exd4 4. Bc4 Nf6 5. O-O d5 6. exd5 Nxd5 7. c3 Nb6 8.
Bb5 dxc3 9. Qxd8+ Kxd8 10. Nxc3 Be7 11. Bxc6 bxc6 12. Ne5 Ke8 13. Nxc6 a6 14.
Nxe7 Kxe7 15. Bf4 Ra7 16. Be3 Rb7 17. Rfe1 Be6 18. Bc5+ Kd7 19. Rad1+ Kc8 20.
Rd4 Rd8 21. Rxd8+ Kxd8 22. Bd4 g6 23. Bf6+ Kc8 24. b3 c6 25. Ne4 Rd7 26. Nc5
Rd2 27. Nxe6 fxe6 28. g3 Kd7 29. a3 Nd5 30. Be5 Ra2 31. Ra1 Re2 1/2-1/2

[Event "ODJM A 2017"]
[Site "Willingen GER"]
[Date "2017.06.04"]
[Round "2"]
[White "Conte, Adrian"]
[Black "Werner, Tom"]
[Result "1-0"]
[Termination "normal"]
[Board "69"]
[WhiteElo "1698"]
[BlackElo "1593"]
[PlyCount "39"]
[WhiteFideId "12925993"]
[BlackFideId "16223756"]
[EventCountry "GER"]
[EventRounds "9"]
[EventType "swiss"]
[EventDate "2017.06.03"]

1. e4 e6 2. d4 d5 3. e5 c5 4. c3 Qb6 5. Nf3 Nc6 6. Bd3 Bd7 7. dxc5 Bxc5 8. O-O
a5 9. a4 Nge7 10. Qe2 O-O 11. Na3 Rfe8 12. Nb5 Na7 13. Nbd4 Rab8 14. Qc2 g6 15.
Bg5 Nac6 16. Nb3 Rbc8 17. Nxc5 Qxc5 18. Rfe1 Qb6 19. Qd2 Qc7 20. Bf6 1-0

[Event "ODJM A 2017"]
[Site "Willingen GER"]
[Date "2017.06.04"]
[Round "2"]
[White "Schneider, Edward"]
[Black "Franz, Franz Theodor"]
[Result "1-0"]
[Termination "normal"]
[Board "70"]
[WhiteElo "1675"]
[BlackElo "1341"]
[PlyCount "53"]
[WhiteFideId "16200870"]
[BlackFideId "12992674"]
[EventCountry "GER"]
[EventRounds "9"]
[EventType "swiss"]
[EventDate "2017.06.03"]

1. e4 e5 2. Nf3 Nc6 3. d4 exd4 4. Bc4 Nf6 5. e5 d5 6. Bb5 Nd7 7. O-O Be7 8.
Bxc6 bxc6 9. e6 fxe6 10. Nxd4 Nb8 11. Re1 O-O 12. Nxe6 Bxe6 13. Rxe6 Bd6 14.
Qh5 Nd7 15. Bg5 Rf5 16. h4 h6 17. Rxh6 gxh6 18. Qg6+ Kh8 19. Bxd8 Re5 20. Bf6+
Nxf6 21. Qxf6+ Kh7 22. Qf7+ Kh8 23. Nd2 Rf8 24. Qg6 Re2 25. Qxh6+ Kg8 26. Qg6+
Kh8 27. Qh5+ 1-0

[Event "ODJM A 2017"]
[Site "Willingen GER"]
[Date "2017.06.04"]
[Round "2"]
[White "Nimptsch, Nikolas"]
[Black "Rupp, Andreas"]
[Result "0-1"]
[Termination "normal"]
[Board "71"]
[WhiteElo "1536"]
[BlackElo "1672"]
[PlyCount "44"]
[WhiteFideId "16245334"]
[BlackFideId "16225503"]
[EventCountry "GER"]
[EventRounds "9"]
[EventType "swiss"]
[EventDate "2017.06.03"]

1. g4 e5 2. Bg2 Nc6 3. c4 Bc5 4. Nc3 Nf6 5. h3 d6 6. e3 Be6 7. b3 h6 8. Bb2 Qd7
9. Nge2 d5 10. cxd5 Nxd5 11. Na4 Be7 12. Rc1 Rc8 13. Nc5 Bxc5 14. Rxc5 O-O 15.
d4 exd4 16. Nxd4 Nf6 17. Qc1 Nb4 18. Qb1 b6 19. Bc6 Nxc6 20. Rc1 Nxd4 21. Rd1
Qc6 22. Rh2 Nf3+ 0-1

[Event "ODJM A 2017"]
[Site "Willingen GER"]
[Date "2017.06.04"]
[Round "2"]
[White "Silini, Jalel"]
[Black "Ostra, Noah"]
[Result "0-1"]
[Termination "normal"]
[Board "72"]
[WhiteElo "1581"]
[BlackElo "1647"]
[PlyCount "142"]
[WhiteFideId "16215397"]
[BlackFideId "16228979"]
[EventCountry "GER"]
[EventRounds "9"]
[EventType "swiss"]
[EventDate "2017.06.03"]

1. e4 c5 2. Nf3 d6 3. Nc3 Nf6 4. d4 cxd4 5. Nxd4 a6 6. a4 e5 7. Nf3 Be7 8. h3
Be6 9. Be2 Nc6 10. O-O O-O 11. Bg5 Rc8 12. Qd2 Qb6 13. Be3 Qc7 14. Rfd1 Rfd8
15. Nd5 Bxd5 16. exd5 Na5 17. Qb4 Nc4 18. Bxc4 Qxc4 19. Qxb7 Rd7 20. Qb6 Nxd5
21. Qb3 Qxb3 22. cxb3 Nxe3 23. fxe3 Rb7 24. Rd3 e4 25. Rc3 Rxc3 26. bxc3 exf3
27. b4 fxg2 28. Kxg2 g5 29. Rb1 Bf6 30. c4 a5 31. b5 Bc3 32. Kf3 f5 33. Rd1 Bb4
34. e4 f4 35. h4 h6 36. hxg5 hxg5 37. Kg4 Rg7 38. Rd5 Kf8 39. e5 Ke7 40. exd6+
Bxd6 41. c5 Bb8 42. c6 Ke6 43. Rd8 Bc7 44. Rd1 Ke5 45. Rb1 Bb6 46. Rc1 Kd4 47.
Kf3 Bc7 48. Kg4 Kd3 49. Rb1 Bb6 50. Rb3+ Kc2 51. Rf3 Bd8 52. Rf2+ Kc3 53. Rf1
Bb6 54. Rc1+ Kb3 55. Ra1 Rf7 56. Kf3 g4+ 57. Kxg4 f3 58. Kg3 f2 59. Kg2 f1=Q+
60. Rxf1 Rxf1 61. Kxf1 Kxa4 62. Ke1 Kxb5 63. Kd1 Kxc6 64. Kc2 Kb5 65. Kb3 a4+
66. Ka3 Bc5+ 67. Ka2 Kb4 68. Kb2 a3+ 69. Ka2 Ka4 70. Ka1 Kb3 71. Kb1 a2+ 0-1